000 00531nam a22001457a 4500
020 _a978-93-89443-26-4
082 _a823
_bJOS/B
100 _aJOSEPH, SARA
245 _aBUDHINI
260 _aKOTTAYAM
_bDC BOOKS
_c2022
300 _a352
520 _aBudhini was outlawed for 'marrying outside her community'. Budhini Mejhan's is the tale of an uprooted life, told here through the contemporary lens of Rupi Murmu, a young journalist distantly related to her and determined to excavate her story.
650 _aNOVEL
942 _cBK
999 _c6801
_d6801